EJB 3 in Action /

EJB 3 is the most important innovation introduced in Java EE 5.0. EJB 3 promises to simplify enterprise development, abandoning the heavyweight EJB 2.x model in favor of a lightweight POJO framework. The API represents a lot of hard work, honest introspection, and a fresh perspective on EJB, all wit...

Full description

Bibliographic Details
Main Authors: Panda, Debu (Author), Rahman, Reza (Author), Lane, Derek (Author)
Corporate Author: Safari, an O'Reilly Media Company
Format: eBook
Language:English
Published: Manning Publications, 2007.
Edition:1st edition.
Subjects:
Online Access:Connect to this electronic resource

MARC

Tag First Indicator Second Indicator Subfields
LEADER 00000uam a2200000 a 4500
001 in00004130833
005 20260122212102.7
006 m o d
007 cr cn
008 100513s2007 xx o eng
020 |z 9781933988344 
020 |z 1933988347 
035 |a (CaSebORM)9781933988344 
040 |d UtOrBLW 
041 0 |a eng 
100 1 |a Panda, Debu,  |e author.  |0 http://id.loc.gov/authorities/names/nb2008025095 
245 1 0 |a EJB 3 in Action /  |c Panda, Debu. 
250 |a 1st edition. 
264 1 |b Manning Publications,  |c 2007. 
300 |a 1 online resource (712 pages) 
336 |a text  |b txt  |2 rdacontent 
337 |a computer  |b c  |2 rdamedia 
338 |a online resource  |b cr  |2 rdacarrier 
347 |a text file 
520 |a EJB 3 is the most important innovation introduced in Java EE 5.0. EJB 3 promises to simplify enterprise development, abandoning the heavyweight EJB 2.x model in favor of a lightweight POJO framework. The API represents a lot of hard work, honest introspection, and a fresh perspective on EJB, all without sacrificing the mission of enabling business application developers to create robust, scalable, standards-based solutions. In the tradition of Manning's In Action series, this book tackles the subject matter head-on, through numerous code samples, real-life scenarios, and illustrations. It is geared toward helping you learn EJB 3 quickly and easily. The authors make the subject matter approachable, covering the basics where needed as well as providing guidance, deep coverage, and best practices. The book highlights what EJB 3 has to offer without disregarding the contributions and strengths of seminal technologies like Spring, Hibernate or TopLink. What's Inside * Building Business Logic with POJO Session Beans and Message Driven Beans * EJB 3 Dependency Injection and Interceptors * Domain Modeling and Object-Relational Mapping with the EJB 3 Java Persistence API * Effectively manipulating and retrieving entities, including using the Java Persistence Query Language * Using EJB 3 from other tiers (such as the web or application client tier) and frameworks such as Spring * Best practices, performance tuning, and design patterns * Migrating from EJB 2.x and other POJO frameworks 
533 |a Electronic reproduction.  |b Boston, MA :  |c Safari,  |n Available via World Wide Web.  |d 2007. 
538 |a Mode of access: World Wide Web. 
542 |f Copyright ©2007 by Manning Publications Co.  |g 2007 
588 |a Online resource; Title from title page (viewed April 9, 2007) 
500 |a Electronic resource. 
655 7 |a Electronic books.  |2 local 
700 1 |a Rahman, Reza,  |e author.  |0 http://id.loc.gov/authorities/names/nb2008025094 
700 1 |a Lane, Derek,  |e author.  |0 http://id.loc.gov/authorities/names/nb2008025093 
710 2 |a Safari, an O'Reilly Media Company. 
856 4 0 |u https://proxy.library.tamu.edu/login?url=https://go.oreilly.com/TAMU/library/view/-/9781933988344/?ar  |z Connect to this electronic resource  |t 0 
999 f f |s c412c7bd-8748-32fb-8d75-2f596d6820f0  |i 23be694a-cbd2-3ec0-a523-8eaccff4fef9  |t 0 
952 f f |a Texas A&M University  |b College Station  |c Electronic Resources  |s www_evans  |d Available Online  |t 0  |h No information provided 
998 f f |t 0  |l Available Online